[Event "12. Sueder Sommerpokal"]
[Site "Recklinghausen"]
[Date "2001.08.09"]
[Round "6"]
[White "Westermann, Bernhard"]
[Black "Rausch, Peter"]
[Result "1-0"]
[WhiteElo "1650"]
[BlackElo "1478"]
[PlyCount "73"]
[EventDate "2001.??.??"]

1. e4 c5 2. Nc3 d6 3. f4 Nc6 4. Nf3 Bg4 5. Bb5 e6 6. h3 Bxf3 7. Bxc6+ bxc6 8.
Qxf3 Ne7 9. O-O g6 10. f5 exf5 11. exf5 Qd7 12. f6 Nf5 13. Re1+ Kd8 14. Ne2 h5
15. c3 Bh6 16. d4 Re8 17. Bxh6 Nxh6 18. dxc5 d5 19. Nd4 Rc8 20. Rad1 Nf5 21.
Nxf5 Qxf5 22. Rxe8+ Kxe8 23. Re1+ Kf8 24. Qxf5 gxf5 25. Kf2 Re8 26. Re3 Re6 27.
Kf3 Rxf6 28. Kf4 Kg7 29. Re5 Kg6 30. h4 Re6 31. g3 a5 32. a4 Rf6 33. b3 Re6 34.
Rxe6+ fxe6 35. Ke5 Kf7 36. b4 d4 37. Kxd4 1-0

[Event "12. Sueder Sommerpokal"]
[Site "Recklinghausen"]
[Date "2001.08.09"]
[Round "6"]
[White "Koenig, Daniela"]
[Black "Nebel, Rudi"]
[Result "1/2-1/2"]
[WhiteElo "1492"]
[BlackElo "1640"]
[PlyCount "105"]
[EventDate "2001.??.??"]

1. e4 c5 2. Nf3 e6 3. d4 cxd4 4. Nxd4 Qb6 5. Nb3 Qc7 6. Nc3 a6 7. Be3 Nf6 8.
Bd3 b5 9. Qf3 Bb7 10. O-O d6 11. Rad1 Nbd7 12. Qg3 Rc8 13. a3 Ne5 14. Rc1 Ng6
15. Rfd1 Be7 16. Nd4 d5 17. Qxc7 Rxc7 18. exd5 Nxd5 19. Nxd5 Bxd5 20. Ne2 O-O
21. Nf4 Nxf4 22. Bxf4 Rcc8 23. Be5 f6 24. Bc3 Rc6 25. Ba5 Rfc8 26. c3 Kf7 27.
h4 g6 28. Rd2 Bf8 29. Rcd1 Bh6 30. Re2 Rd6 31. Bb4 Rdc6 32. Be4 Bxe4 33. Rxe4
Bf8 34. Bxf8 Kxf8 35. Rd7 Kg8 36. Red4 Rf8 37. R7d6 e5 38. R4d5 Rfc8 39. Kf1 e4
40. Ke2 Kg7 41. g4 Rxd6 42. Rxd6 a5 43. Ke3 f5 44. gxf5 gxf5 45. Rd5 b4 46.
Rxf5 bxc3 47. bxc3 Rxc3+ 48. Kxe4 Rxa3 49. f4 Ra1 50. Kd3 Kg6 51. Rg5+ Kf6 52.
Rh5 Kg6 53. Rg5+ 1/2-1/2

[Event "12. Sueder Sommerpokal"]
[Site "Recklinghausen"]
[Date "2001.08.09"]
[Round "6"]
[White "Thimm, Gerd"]
[Black "Baumann, Ralf-Ruediger"]
[Result "1-0"]
[WhiteElo "1634"]
[BlackElo "1460"]
[PlyCount "61"]
[EventDate "2001.??.??"]

1. d4 d5 2. Nf3 Nf6 3. c4 dxc4 4. Nc3 e6 5. e3 c5 6. Bxc4 a6 7. O-O b5 8. Bb3
cxd4 9. exd4 Bb7 10. Qe2 Be7 11. Bg5 O-O 12. Rad1 Qc7 13. Rfe1 Rd8 14. Bh4 Nc6
15. Bc2 Nb4 16. Bb1 Nbd5 17. Bg3 Qd7 18. Ne5 Qe8 19. Ne4 Bb4 20. Ng5 Bxe1 21.
Rxe1 Ne7 22. Qd3 Ng6 23. Nexf7 Qc6 24. f3 Rd7 25. Rxe6 Qc4 26. Nd6 Qxd3 27.
Bxd3 Bd5 28. Re1 Nh5 29. Be4 Nxg3 30. Bxd5+ Kf8 31. Bxa8 1-0

[Event "12. Sueder Sommerpokal"]
[Site "Recklinghausen"]
[Date "2001.08.09"]
[Round "6"]
[White "Wolters, Gunnar"]
[Black "Oberste, Norbert"]
[Result "0-1"]
[WhiteElo "1432"]
[BlackElo "1624"]
[PlyCount "66"]
[EventDate "2001.??.??"]

1. e4 e6 2. d4 d5 3. Nc3 Nf6 4. e5 Nfd7 5. Nf3 c5 6. Be2 a6 7. Rb1 cxd4 8. Qxd4
Nc6 9. Qe3 Bc5 10. Qf4 h6 11. Qg3 Kf8 12. O-O Qc7 13. Bf4 g5 14. Bd2 Ndxe5 15.
Nxe5 Nxe5 16. Na4 Bd6 17. f4 Ng6 18. Bh5 Nxf4 19. Qf3 f5 20. g3 Nxh5 21. Qxh5
Qf7 22. Qe2 b5 23. Nb6 Rb8 24. Nxc8 Rxc8 25. c3 Rc4 26. Rbe1 Re4 27. Qf2 Qc7
28. b4 Kg7 29. Rxe4 dxe4 30. Qe2 Be5 31. Rc1 Rd8 32. Qe1 Rd3 33. Kg2 Qc4 0-1

[Event "12. Sueder Sommerpokal"]
[Site "Recklinghausen"]
[Date "2001.08.09"]
[Round "6"]
[White "Wormuth, Marcus"]
[Black "Selbach, Sascha"]
[Result "1-0"]
[WhiteElo "1911"]
[BlackElo "1199"]
[PlyCount "69"]
[EventDate "2001.??.??"]

1. e4 c5 2. Nf3 e6 3. d4 cxd4 4. Nxd4 a6 5. Be3 Qc7 6. Nd2 Nf6 7. Bd3 b6 8. Qe2
Bb7 9. f4 d6 10. c3 Nbd7 11. g4 Nc5 12. Rg1 Nfxe4 13. Bc2 Be7 14. g5 g6 15.
O-O-O Nxd2 16. Bxd2 O-O-O 17. b4 Nd7 18. Bd3 Nb8 19. Kb2 Rd7 20. Be3 d5 21. Rc1
Kd8 22. Nf3 Qd6 23. Ne5 Bf8 24. Nxd7 Kxd7 25. Qf2 b5 26. Bd4 Rg8 27. Be5 Qe7
28. Qa7 Kc6 29. Qxb8 Kb6 30. a3 a5 31. Rc2 Ka6 32. Rgc1 Kb6 33. Bd4+ Ka6 34. a4
axb4 35. axb5+ 1-0

[Event "12. Sueder Sommerpokal"]
[Site "Recklinghausen"]
[Date "2001.08.09"]
[Round "6"]
[White "Boemelburg, Juergen"]
[Black "Kuznesov, Mark"]
[Result "1-0"]
[WhiteElo "1778"]
[BlackElo "1112"]
[PlyCount "81"]
[EventDate "2001.??.??"]

1. e4 c5 2. Nf3 Nc6 3. Bb5 d6 4. Bxc6+ bxc6 5. O-O Nf6 6. e5 Nd5 7. d3 Bg4 8.
h3 Bh5 9. Nbd2 dxe5 10. Ne4 e6 11. Ng3 Bxf3 12. Qxf3 Qf6 13. Qe4 Bd6 14. c4 Ne7
15. Qe2 O-O 16. Ne4 Qg6 17. Nxd6 f5 18. Qxe5 Rf6 19. Nb7 Raf8 20. Nxc5 Rd8 21.
Qc7 Qe8 22. Bg5 Rf7 23. Rfe1 Rc8 24. Qe5 Ng6 25. Qxe6 Qxe6 26. Rxe6 f4 27. Rae1
h6 28. Re8+ Rxe8 29. Rxe8+ Kh7 30. Bd8 f3 31. g3 h5 32. Bg5 Rf5 33. Be3 h4 34.
g4 Rf4 35. Bxf4 Nxf4 36. Rf8 Nxh3+ 37. Kf1 Nxf2 38. Kxf2 h3 39. Rxf3 h2 40.
Rh3+ Kg8 41. Rxh2 1-0

[Event "12. Sueder Sommerpokal"]
[Site "Recklinghausen"]
[Date "2001.08.09"]
[Round "6"]
[White "Lange, Hans-Werner"]
[Black "Krassontowitsch, Valentin"]
[Result "0-1"]
[WhiteElo "1472"]
[BlackElo "1020"]
[PlyCount "68"]
[EventDate "2001.??.??"]

1. d4 d5 2. Nf3 Nf6 3. Bf4 e6 4. e3 Be7 5. h3 O-O 6. Be2 Nbd7 7. O-O c5 8. c4
cxd4 9. exd4 dxc4 10. Bxc4 Nb6 11. Bb3 Nbd5 12. Bh2 Bd7 13. Nbd2 Rc8 14. Rc1
Rc6 15. Ne5 Rxc1 16. Qxc1 Bb5 17. Re1 Nd7 18. Ndf3 Bb4 19. Bxd5 Bxe1 20. Qxe1
Nxe5 21. Be4 Nxf3+ 22. Bxf3 Qxd4 23. Be5 Qa4 24. Qc3 f6 25. Bd6 Rd8 26. Qc7 Re8
27. Qxb7 Qa6 28. Qc7 Rc8 29. Qe7 Bc6 30. Qxe6+ Kh8 31. Be2 Bd5 32. Qg4 Rc1+ 33.
Kh2 Qxd6+ 34. g3 Rh1# 0-1

[Event "12. Sueder Sommerpokal"]
[Site "Recklinghausen"]
[Date "2001.08.09"]
[Round "6"]
[White "Klutschko, Oleg"]
[Black "Koetz, Jan"]
[Result "1-0"]
[WhiteElo "1233"]
[BlackElo "1150"]
[PlyCount "60"]
[EventDate "2001.??.??"]

1. e4 c6 2. d4 d5 3. Nc3 dxe4 4. Nxe4 Nf6 5. Nxf6+ gxf6 6. Bc4 Nd7 7. Qh5 Nb6
8. Qxf7+ Kd7 9. Be6+ Kc7 10. Bf4+ Qd6 11. Bxd6+ Kd8 12. Bxc8 Nxc8 13. Bc5 b6
14. Bb4 a5 15. Bd2 Nd6 16. Qb3 b5 17. O-O-O a4 18. Qd3 Nc4 19. d5 Ne5 20. Qd4
Kc7 21. Bf4 Bg7 22. dxc6 Rhd8 23. Bxe5+ Kxc6 24. Qc3+ Kb6 25. Qc7+ Ka6 26. Bd4
Bh6+ 27. Kb1 Rdb8 28. Qc6+ Ka5 29. Bc3+ b4 30. Rd5+ Rb5 1-0

[Event "12. Sueder Sommerpokal"]
[Site "Recklinghausen"]
[Date "2001.08.09"]
[Round "6"]
[White "Dresen, Ulrich"]
[Black "Kalka, Arkadius Georg"]
[Result "1/2-1/2"]
[WhiteElo "2233"]
[BlackElo "2386"]
[PlyCount "62"]
[EventDate "2001.??.??"]

1. d4 d5 2. Nf3 Nf6 3. e3 c6 4. Bd3 Bg4 5. c4 e6 6. Qb3 Qb6 7. Ne5 Bh5 8. c5
Qc7 9. Nc3 Nfd7 10. f4 f5 11. Bd2 Be7 12. O-O Nf6 13. Qc2 Nbd7 14. b4 Ne4 15.
Be1 O-O 16. Nxd7 Qxd7 17. Nxe4 fxe4 18. Be2 Bxe2 19. Qxe2 Kh8 20. Rb1 Rfb8 21.
Bg3 b5 22. f5 Rf8 23. fxe6 Rxf1+ 24. Rxf1 Qxe6 25. a4 a6 26. Ra1 Rf8 27. axb5
axb5 28. Qh5 Kg8 29. h3 h6 30. Qe5 Qxe5 31. Bxe5 Bg5 1/2-1/2